Name a City - Countries - Statistics

General Stats
  • This quiz has been taken 1,938 times
    1,757 since last reset
  • The average score is 43 of 74
Answer Stats
Country Cities % Correct
Germany Hamburg | Munich | Cologne | Frankfurt | Stuttgart
94%
France Marseille | Lyon | Toulouse | Nice | Nantes
94%
Australia Melbourne | Brisbane | Perth | Adelaide | Gold Coast
93%
Italy Milan | Naples | Turin | Palermo | Genoa
93%
Canada Montreal | Vancouver | Calgary | Edmonton | Winnipeg
93%
Brazil Rio de Janeiro | Salvador | Fortaleza | Belo Horizonte | Manaus
93%
Spain Barcelona | Valencia | Sevilla | Zaragoza | Malaga
92%
United States Los Angeles | Chicago | Houston | Phoenix | Philadelphia
91%
Russia St. Petersburg | Novosibirsk | Yekaterinburg | Nizhny Novgorod | Kazan
91%
Egypt Alexandria | Giza | Shubra el Kheimah | Port Said | Suez
90%
United Kingdom Birmingham | Glasgow | Liverpool | Bristol | Manchester
90%
Japan Yokohama | Osaka | Nagoya | Sapporo | Fukuoka
90%
China Shenzhen | Guangzhou | Tianjin | Chengdu | Wuhan
89%
Netherlands Rotterdam | The Hague | Utrecht | Eindhoven | Leiden
88%
Belgium Antwerp | Liege | Ghent | Charleroi | Kortrijk
87%
Poland Krakow | Lodz | Wroclaw | Poznan | Gdansk
87%
Portugal Porto | Vila Nova de Gaia | Amadora | Braga | Funchal
87%
India Kolkata | Chennai | Bangalore | Hyderabad | Ahmedabad
86%
Israel Tel Aviv | Haifa | Rishon LeZion | Petah Tikvah | Ashdod
86%
New Zealand Christchurch | Hamilton | Tauranga | Lower Hutt | Dunedin
83%
Mexico Ecatepec | Puebla | Guadalajara | Ciudad Juarez | Tijuana
83%
Saudi Arabia Jeddah | Mecca | Medina | Dammam | Hofuf
83%
Sweden Goteborg | Malmo | Uppsala | Vasteras | Orebro
82%
Morocco Fez | Tangier | Marrakesh | Sale | Meknes
81%
Ukraine Kharkiv | Odessa | Dnipro | Donetsk | Zaporizhia
81%
Colombia Medellin | Cali | Barranquilla | Cartagena | Cucuta
81%
Greece Thessaloniki | Patras | Heraklion | Larissa | Volos
78%
South Korea Busan | Incheon | Daegu | Daejeon | Gwangju
74%
Pakistan Lahore | Faisalabad | Rawalpindi | Gujranwala | Peshawar
73%
South Africa Durban | Port Elizabeth | Soshanguve | Evaton | Pietermaritzburg
72%
Turkey Izmir | Bursa | Adana | Gaziantep | Konya
72%
Argentina Cordoba | Rosario | Mendoza | San Miguel de Tucuman | La Plata
69%
Iraq Mosul | Basra | Kirkuk | Erbil | Najaf
61%
Nigeria Kano | Ibadan | Kaduna | Benin City | Port Harcourt
60%
Kenya Mombasa | Nakuru | Ruiru | Eldoret | Kisumu
60%
Indonesia Surabaya | Bandung | Bekasi | Medan | Tangerang
58%
Bangladesh Chittagong | Narayanganj | Khulna | Sylhet | Tongi
57%
Iran Mashhad | Isfahan | Karaj | Shiraz | Tabriz
57%
Lebanon Tripoli | Sidon | Zalhe | Tyre | Baalbek
57%
Peru Arequipa | Trujillo | Chiclayo | Piura | Cusco
53%
Philippines Cebu | Davao | Angeles | Cagayan de Oro | Zamboanga
51%
Afghanistan Herat | Kandahar | Mazar-i-Sharif | Jalalabad | Kunduz
51%
Venezuela Valencia | Barquisimeto | Ciudad Guayana | Maturin | Maracay
50%
Belarus Homiel | Mahilou | Viciebsk | Hrodna | Brest
49%
Algeria Oran | Constantine | Annaba | Blida | Batna
49%
Chile Valparaiso | Concepcion | La Serena | Antofagasta | Iquique
47%
Yemen Aden | Taiz | Hudaydah | Ibb | Mukalla
44%
Vietnam Da Nang | Haiphong | Can Tho | Bien Hoa | Hue
43%
Myanmar Mandalay | Taunggyi | Bago | Mawlamyine | Myitkyina
43%
Sudan Khartoum North | Nyala | Port Sudan | El Obeid | Kassala
39%
D. R. Congo Lubumbashi | Mbuji-Mayi | Kananga | Kisangani | Bukavu
39%
Tanzania Mwanza | Zanzibar | Arusha | Mbeya | Morogoro
38%
Uzbekistan Samarkand | Namangan | Andijan | Nukus | Bukhara
37%
Taiwan Taichung | Kaohsiung | Taiyuan | Tainan | Hsinchu
37%
Dominican Republic Santiago | Los Alcarrizos | La Romana | San Pedro de Macoris | Higuey
35%
United Arab Emirates Sharjah | Al Ain | Ajman | Ras al-Khaimah | Fujairah
35%
Bolivia El Alto | Cochabamba | Oruro | Tarija | Potosi
33%
Syria Homs | Latakia | Hama | Ar-Rakka | Deir ez-Zor
33%
Ghana Kumasi | Tamale | Takoradi | Sekondi | Ashaiman
33%
Ivory Coast Bouake | Daloa | Korhogo | San Pedro | Gagnoa
31%
Angola Lubango | Huambo | Benguela | Cabinda | Malanje
28%
Malaysia Johor Bahru | Klang | Ipoh | Ampang | Subang Jaya
27%
Honduras San Pedro Sula | Choloma | La Ceiba | El Progreso | Comayagua
27%
Rep. of the Congo Pointe-Noire | Dolisie | Nkayi | Impfondo | Ouesso
23%
Kazakhstan Shymkent | Qaragandy | Aqtobe | Taraz | Pavlodar
23%
Somalia Hargeisa | Burco | Baydhabo | Jawhar | Borama
22%
Malawi Blantyre | Mzuzu | Zomba | Karonga | Kasungu
21%
North Korea Hamhung | Chongjin | Sinuiju | Wonsan | Nampo
21%
Zimbabwe Bulawayo | Chitungwiza | Mutare | Epworth | Gweru
18%
Senegal Touba | Thies | Kaolack | Mbour | Rufisque
18%
Mozambique Matola | Nampula | Beira | Chimoio | Tete
16%
Jordan Zarqa | Irbid | Russeifa | Al Quwaysimah | Khilda
16%
Zambia Kitwe | Ndola | Kabwe | Chingola | Mufulira
11%
Kuwait Al Farwaniyah | Al-Fintas | Al-Jahra | Janub Al-Kuwayt | Al-Manqaf
7%
No matching quizzes found
Score Distribution
Percent of People with Each Score
Percentile by Number Answered
Your Score History
You have not taken this quiz since the last reset